| 000 | 00888nam a22003137a 4500 | ||
|---|---|---|---|
| 003 | CHAP | ||
| 005 | 20220817040832.0 | ||
| 008 | 971013s1986 r 00010 d | ||
| 010 | _a1187 | ||
| 011 | _a2159 | ||
| 035 | _a1350 | ||
| 040 | _cCHAP | ||
| 082 |
_a634 _bS35 1986 |
||
| 100 | 0 | 0 |
_aSamson, J. A. _9101935 |
| 245 | _aTropical fruits | ||
| 250 | _a2 ed. | ||
| 260 |
_aNew York : _bLogman, _c1986 |
||
| 300 |
_a335 p. _b: ilus. |
||
| 500 | _a40-186 | ||
| 590 |
_aBATCH-UPD _b10 _c20130110 _lUCH01 _h0836 |
||
| 590 |
_aBATCH-UPD _b10 _c20130410 _lUCH01 _h0514 |
||
| 590 |
_aBATCH-UPD _b10 _c20130914 _lUCH01 _h1446 |
||
| 590 |
_aCONVERSION _b10 _c20130109 _lUCH01 _h1302 |
||
| 650 | 1 | 4 | _aArboles frutales. |
| 650 | 1 | 4 |
_aFruticultura _xTrĂ³picos. _943755 |
| 901 | _aBK | ||
| 942 | _cLIBRO | ||
| 949 |
_a634 S35 1986 _bBC _cLIBRO _d33724000202701 _eLIBRO _gI.151315 _h77896 _i1350 _si _t247.00 |
||
| 999 |
_c1187 _d1187 |
||